<?xml version="1.0" encoding="UTF-8"?>
<record
    xmlns:xsi="http://www.w3.org/2001/XMLSchema-instance"
    xsi:schemaLocation="http://www.loc.gov/MARC21/slim http://www.loc.gov/standards/marcxml/schema/MARC21slim.xsd"
    xmlns="http://www.loc.gov/MARC21/slim">

  <leader>01134cam a2200241K  4500</leader>
  <controlfield tag="003">BD-RjUL</controlfield>
  <controlfield tag="005">20220111160559.0</controlfield>
  <controlfield tag="008">220107s1941    ii            000 0 urd d</controlfield>
  <datafield tag="035" ind1=" " ind2=" ">
    <subfield code="a">(BD-RjUL)</subfield>
  </datafield>
  <datafield tag="040" ind1=" " ind2=" ">
    <subfield code="a">CLU</subfield>
    <subfield code="b">eng</subfield>
    <subfield code="c">CLU</subfield>
    <subfield code="d">OCLCQ</subfield>
    <subfield code="d">OCLCG</subfield>
  </datafield>
  <datafield tag="041" ind1=" " ind2=" ">
    <subfield code="a">ara</subfield>
  </datafield>
  <datafield tag="082" ind1=" " ind2=" ">
    <subfield code="2">23</subfield>
    <subfield code="a">297.12542</subfield>
    <subfield code="b">NAS 1941</subfield>
  </datafield>
  <datafield tag="100" ind1=" " ind2=" ">
    <subfield code="a"> Muslim bin Al-Hajjaj Al-Qushayri  ;; &#x645;&#x633;&#x644;&#x645; &#x628;&#x646; &#x627;&#x644;&#x62D;&#x62C;&#x627;&#x62C; &#x627;&#x644;&#x642;&#x634;&#x64A;&#x631;&#x649;</subfield>
    <subfield code="9">658</subfield>
  </datafield>
  <datafield tag="245" ind1="1" ind2="0">
    <subfield code="a">&#x635;&#x62D;&#x64A;&#x62D; &#x645;&#x633;&#x644;&#x645; &#x628;&#x634;&#x631;&#x62D; &#x627;&#x644;&#x646;&#x648;&#x648;&#x64A; ;  &#x645;&#x62A;&#x631;&#x62C;&#x645;  ;; Sa&#x1E25;i&#x1E25; Muslim bi shar&#x1E25; al-Nawaw&#x12B;.[translated in  urdu]</subfield>
    <subfield code="c"> Abu al-Husayn Muslim ibn al-Hajjaj al-Qushayri al-Nisaburi. Nawawi, ;; &#x644;&#x623;&#x628;&#x649; &#x627;&#x644;&#x62D;&#x633;&#x64A;&#x646; &#x645;&#x633;&#x644;&#x645; &#x628;&#x646; &#x627;&#x644;&#x62D;&#x62C;&#x627;&#x62C; &#x627;&#x644;&#x642;&#x634;&#x64A;&#x631;&#x649; &#x627;&#x644;&#x646;&#x64A;&#x633;&#x627;&#x628;&#x648;&#x631;&#x649;. &#x646;&#x648;&#x648;&#x64A;&#x60C;, </subfield>
  </datafield>
  <datafield tag="260" ind1=" " ind2=" ">
    <subfield code="a">:&#x62F;&#x64A;&#x648;&#x628;&#x646;&#x62F;</subfield>
    <subfield code="c">Ishaq Siddiqi ,</subfield>
    <subfield code="b">1941</subfield>
  </datafield>
  <datafield tag="300" ind1=" " ind2=" ">
    <subfield code="a">V. ;</subfield>
    <subfield code="c">24 cm</subfield>
  </datafield>
  <datafield tag="505" ind1=" " ind2=" ">
    <subfield code="a">.v-6--</subfield>
  </datafield>
  <datafield tag="505" ind1=" " ind2=" ">
    <subfield code="a">(R)kitab al- jikir , Dua wa Al-tawba wa al-Istigfar , rifaq , tawba , sifat al Munafiqin wa ahkamuhum ,sifat al-qiama wa al-zanazah wa al-nar , al zannat wa sifat nimuha wa ahluha.--</subfield>
  </datafield>
  <datafield tag="650" ind1=" " ind2="0">
    <subfield code="a">Hadith.</subfield>
    <subfield code="9">244266</subfield>
  </datafield>
  <datafield tag="650" ind1=" " ind2="7">
    <subfield code="a">Hadith.</subfield>
    <subfield code="2">fast</subfield>
    <subfield code="9">244266</subfield>
  </datafield>
  <datafield tag="700" ind1="0" ind2=" ">
    <subfield code="a">Nawaw&#x12B;,</subfield>
    <subfield code="d">1233-1277.</subfield>
    <subfield code="9">634</subfield>
  </datafield>
  <datafield tag="942" ind1=" " ind2=" ">
    <subfield code="2">ddc</subfield>
    <subfield code="c">BK</subfield>
  </datafield>
  <datafield tag="999" ind1=" " ind2=" ">
    <subfield code="c">79155</subfield>
    <subfield code="d">79155</subfield>
  </datafield>
  <datafield tag="952" ind1=" " ind2=" ">
    <subfield code="0">0</subfield>
    <subfield code="1">0</subfield>
    <subfield code="2">ddc</subfield>
    <subfield code="4">0</subfield>
    <subfield code="7">1</subfield>
    <subfield code="8">NFIC</subfield>
    <subfield code="a">RUCL</subfield>
    <subfield code="b">RUCL</subfield>
    <subfield code="c">Reading</subfield>
    <subfield code="d">2022-01-11</subfield>
    <subfield code="l">0</subfield>
    <subfield code="o">U 297.12542 NAS V-5 1941</subfield>
    <subfield code="r">2022-01-11 00:00:00</subfield>
    <subfield code="t">C-1</subfield>
    <subfield code="w">2022-01-11</subfield>
    <subfield code="y">BK</subfield>
  </datafield>
</record>
